| 000 | 00458nam a22001817a 4500 | ||
|---|---|---|---|
| 005 | 20131010120513.0 | ||
| 010 | _aG-2249 | ||
| 020 |
_a9788184778250 _c150.00 |
||
| 035 | _aG-2249 | ||
| 037 | _aGIFT | ||
| 082 | _aS | ||
| 100 | _aVittachi,Nury | ||
| 245 |
_aA Magic Mirror Mystery the Traveller's Tale _cby Nury Vittachi |
||
| 260 |
_anewyork _bScholastic |
||
| 300 |
_a125p _bill. _c18cm(pbk) |
||
| 942 |
_2ddc _cCH _hS _mVIT |
||
| 999 |
_c79913 _d79913 |
||